| 000 | 00673cam a2200217 4500 | ||
|---|---|---|---|
| 001 | D10646 | ||
| 008 | 090401t1974 xxu||||| |||| 00| 0 eng d | ||
| 022 | _a0305-4713 | ||
| 035 | _a(Sirsi) u95642 | ||
| 041 | _aeng | ||
| 050 | _a333.335 | ||
| 100 | _aFordham, Christopher Maddox | ||
| 245 | 4 | _aThe valuation of agricultural holdings for rent | |
| 260 | _c1974 | ||
| 350 | _a0 | ||
| 490 |
_aLand Agency and Agriculture Practice Leaflet _v6 |
||
| 520 | _aIn RICS Land Agency and Agricultural Division Practice Leaflets. 1974/9 | ||
| 710 |
_aRoyal Institution of Chartered Surveyors. Land Agency and Agriculture Division _91449 |
||
| 942 | _n0 | ||
| 948 | _c04/03/1997 | ||
| 999 |
_c98538 _d98538 |
||